|
|
|
|
| LEADER |
00000nam a22000007a 4500 |
| 005 |
20191114210446.0 |
| 007 |
cr|||| |||| |
| 008 |
191114s2018 co |||||s|||| 00||0 spa d |
| 020 |
|
|
|a 978-958-762-915-6
|
| 035 |
|
|
|a 30684
|
| 040 |
|
|
|a vLex
|
| 090 |
|
|
|c 10003
|d 10003
|
| 100 |
1 |
|
|a Cardozo Cuenca, Hernǹ
|
| 245 |
1 |
2 |
|a El Sector Solidario
|h [Recurso electrn̤ico] /
|c Hernǹ Cardozo Cuenca
|
| 256 |
|
|
|a Servicio en ln̕ea
|
| 260 |
|
|
|a Bogot:̀
|b Ediciones de la U,
|c 2018
|
| 300 |
|
|
|a 1 recurso electrn̤ico
|
| 500 |
|
|
|a Aspectos legales del sector; rǧimen econm̤ico y financiero; procedimiento realizacin̤ de asambleas; creacin̤ o constitucin̤ de organizaciones; toma de posesin̤ para liquidar y administrar; fusin̤, incorporacin̤, disolucin̤ y liquidacin̤; inhabilidades y responsabilidades de los administradores El Sector Solidario en Colombia es un medio legt̕imo para contribuir al desarrollo econm̤ico del pas̕, para la distribucin̤ equitativa del ingreso e igualmente es eficaz para combatir el desempleo generando puestos de trabajo, promueve la vinculacin̤ de los trabajadores, garantiza el apoyo del estado a estas organizaciones, y desarrolla obras de servicios comunitarios. En esta edicin̤ se expone en una metodologa̕ didc̀tica sobre la reseą histr̤ica, los aspectos legales del sector, clases y procedimiento para la elaboracin̤ de asambleas, creacin̤ de organizaciones solidarias, rǧimen econm̤ico y financiero, disolucin̤ y liquidacin̤ voluntaria, toma de posesin̤ y las inhabilidades e incompatibilidades de los administradores. El libro es una gua̕ prc̀tica para administradores, contadores, auditores y revisores fiscales de organizaciones del sector solidario, as ̕como para los estudiantes de programas de ciencias econm̤icas, administrativas y contables.
|
| 506 |
1 |
|
|a Disponible solo en los productos indicados
|d vLex Global
|d vLex Global (Academic Edition, excluding Law Schools)
|d vLex Global (U.S. Academic Edition, Law Schools)
|d vLex Global (U.S. Academic Edition, excluding Law Schools)
|d vLex Global (Academic Edition, Law Schools)
|
| 650 |
0 |
4 |
|a Derecho Pb︢lico y Administrativo
|z Colombia
|
| 740 |
0 |
|
|a vLex Libros (Servicio en ln̕ea)
|
| 856 |
4 |
0 |
|u http://vlex.com/source/sector-solidario-30684
|z Acceso restringido
|
| 942 |
|
|
|c BOOK
|
| 999 |
0 |
|
|a Public and Administrative Law
|